[Event "Aktobe Dvorkovich Cup U16"]
[Site "Aktobe"]
[Date "2019.09.24"]
[Round "8.4"]
[White "Garifullina, Leya"]
[Black "Cui, Cynthia"]
[Result "1-0"]
[WhiteElo "2304"]
[BlackElo "1726"]
[PlyCount "115"]
[EventDate "2019.09.23"]
[EventType "team-tourn (rapid)"]
[EventRounds "9"]
[EventCountry "KAZ"]
[SourceTitle "EXT 2020"]
[Source "ChessBase"]
[SourceDate "2019.10.17"]
[SourceVersion "1"]
[SourceVersionDate "2019.10.17"]
[SourceQuality "1"]
[WhiteTeam "Russia U16"]
[BlackTeam "Canada U16"]
[WhiteTeamCountry "RUS"]
[BlackTeamCountry "CAN"]

1. e4 e6 2. d4 d5 3. Nc3 Bb4 4. e5 c5 5. a3 Bxc3+ 6. bxc3 Qa5 7. Bd2 Qa4 8. Qb1 c4 9. Ne2 Nc6 10. Nf4 Nge7 11. g3 Bd7 12. Bh3 0-0-0 13. Nh5 Rhg8 14. 0-0 Rdf8 15. Re1 Kb8 16. Nf4 Rd8 17. Qb2 Nc8 18. Nh5 Nb6 19. Re3 Qa5 20. Qc1 Na4 21. Rf3 Rdf8 22. Rf4 Ne7 23. Qb1 Ng6 24. Rf3 Qc7 25. Qb4 Ka8 26. Bg5 Bc6 27. Re1 a5 28. Qb1 Ne7 29. Bd2 g5 30. Bg4 h6 31. Qc1 Rg6 32. Nf6 Ng8 33. Bh5 Rg7 34. Nxg8 Rfxg8 35. h3 Be8 36. Kg2 Qe7 37. Rf6 Nb6 38. Rxh6 Nd7 39. Bg4 Nf8 40. Qb2 Qc7 41. Rb1 Bc6 42. Qc1 Qe7 43. Qb2 Nd7 44. Re1 Rf8 45. a4 Rfg8 46. Bc1 Qd8 47. Re3 Nb6 48. Rf3 Qc7 49. Qa3 Qd8 50. Rhf6 Qc7 51. Qa1 Qe7 52. Ba3 Qe8 53. Bh5 Rh8 54. Bxf7 Qd8 55. Bxe6 Rgh7 56. Bg4 Bd7 57. e6 Bc8 58. Bc5 1-0

[Event "Aktobe Dvorkovich Cup U16"]
[Site "Aktobe"]
[Date "2019.09.24"]
[Round "6.5"]
[White "Zahedifar, Anahita"]
[Black "Cui, Cynthia"]
[Result "1-0"]
[WhiteElo "2175"]
[BlackElo "1726"]
[PlyCount "69"]
[EventDate "2019.09.23"]
[EventType "team-tourn (rapid)"]
[EventRounds "9"]
[EventCountry "KAZ"]
[SourceTitle "EXT 2020"]
[Source "ChessBase"]
[SourceDate "2019.10.17"]
[SourceVersion "1"]
[SourceVersionDate "2019.10.17"]
[SourceQuality "1"]
[WhiteTeam "Iran U16"]
[BlackTeam "Canada U16"]
[WhiteTeamCountry "IRI"]
[BlackTeamCountry "CAN"]

1. d4 e6 2. c4 Nf6 3. Nc3 Bb4 4. Qc2 0-0 5. e4 d5 6. e5 Ne4 7. Bd3 c5 8. Nge2 cxd4 9. Nxd4 Nd7 10. Bf4 Ndc5 11. 0-0 Nxd3 12. Qxd3 Bxc3 13. bxc3 Bd7 14. cxd5 exd5 15. Rab1 b6 16. c4 Nc5 17. Qg3 Ne4 18. Qe3 Bc8 19. Nc6 Qd7 20. cxd5 Nc5 21. Bg5 Bb7 22. Ne7+ Kh8 23. d6 Qg4 24. f3 Qe6 25. Rfd1 Nd7 26. Bf4 Rfe8 27. a4 Rxe7 28. dxe7 Qxe7 29. a5 Re8 30. Qd4 Nc5 31. Qd6 Qh4 32. Bg3 Qg5 33. axb6 axb6 34. Qxb6 Qe3+ 35. Bf2 1-0

[Event "Aktobe Dvorkovich Cup U16"]
[Site "Aktobe"]
[Date "2019.09.23"]
[Round "1.3"]
[White "Tarasenka, Aliaksandra"]
[Black "Cui, Cynthia"]
[Result "1-0"]
[WhiteElo "2142"]
[BlackElo "1726"]
[PlyCount "27"]
[EventDate "2019.09.23"]
[EventType "team-tourn (rapid)"]
[EventRounds "9"]
[EventCountry "KAZ"]
[SourceTitle "EXT 2020"]
[Source "ChessBase"]
[SourceDate "2019.10.17"]
[SourceVersion "1"]
[SourceVersionDate "2019.10.17"]
[SourceQuality "1"]
[WhiteTeam "Belarus U16"]
[BlackTeam "Canada U16"]
[WhiteTeamCountry "BLR"]
[BlackTeamCountry "CAN"]

1. e4 e6 2. d4 d5 3. Nc3 Bb4 4. Nge2 Nf6 5. e5 Nfd7 6. a3 Be7 7. f4 c5 8. Be3 Nc6 9. g3 a6 10. Bg2 0-0 11. 0-0 Qc7 12. Qd2 Na5 13. b3 f6 14. Bxd5 1-0

[Event "North American-ch U20 Girls"]
[Site "Charlotte"]
[Date "2019.06.27"]
[Round "4"]
[White "Cui, Cynthia"]
[Black "Chin, Angelica"]
[Result "0-1"]
[WhiteElo "1775"]
[BlackElo "1937"]
[PlyCount "136"]
[EventDate "2019.06.26"]
[EventType "swiss"]
[EventRounds "9"]
[EventCountry "USA"]
[SourceTitle "CBM 191 Extra"]
[Source "ChessBase"]
[SourceDate "2019.09.30"]
[SourceVersion "1"]
[SourceVersionDate "2019.09.30"]
[SourceQuality "1"]

1. c4 e6 2. Nc3 d5 3. d4 Be7 4. cxd5 exd5 5. Bf4 c6 6. e3 Bd6 7. Bxd6 Qxd6 8. Bd3 Ne7 9. Qc2 b6 10. Nf3 Ba6 11. 0-0 Bxd3 12. Qxd3 0-0 13. Rab1 Nd7 14. b4 Nf6 15. Rfc1 Rfe8 16. Ne5 Nd7 17. Nxd7 Qxd7 18. Ne2 Rac8 19. a4 Nf5 20. Nf4 Nd6 21. b5 cxb5 22. axb5 Nxb5 23. h3 Nc7 24. Qa3 Ne6 25. Nd3 Nf8 26. Qa6 Rc7 27. Rxc7 Qxc7 28. Rc1 Qe7 29. Ra1 Ra8 30. Nf4 Qd7 31. Qa2 a5 32. Qxd5 Qxd5 33. Nxd5 Nd7 34. Nc3 Rc8 35. Ra3 Kf8 36. Kf1 Ke7 37. Ke2 Kd6 38. Nb5+ Kd5 39. e4+ Ke6 40. f4 Rc2+ 41. Kf3 Rb2 42. d5+ Ke7 43. Nd4 Nc5 44. Rc3 a4 45. e5 Kd7 46. f5 Rb4 47. e6+ Ke8 48. Ke3 Rb1 49. Ke2 Rb2+ 50. Kf3 Rd2 51. Nb5 fxe6 52. dxe6 Ke7 53. Na3 Rd5 54. g4 g6 55. fxg6 hxg6 56. Nc4 b5 57. Ne3 Re5 58. Kf4 Kxe6 59. Nc2 g5+ 60. Kf3 Nb3 61. Rd3 Rd5 62. Re3+ Kd6 63. Kg3 Nd2 64. Ra3 Nc4 65. Rf3 Ne5 66. Nb4 Nxf3 67. Nxd5 Kxd5 68. Kxf3 a3 0-1

[Event "World ol U16"]
[Site "Konya"]
[Date "2018.11.27"]
[Round "4.14"]
[White "Stevanic, David"]
[Black "Cui, Cynthia"]
[Result "1-0"]
[WhiteElo "2237"]
[BlackElo "1848"]
[PlyCount "49"]
[EventDate "2018.11.25"]
[EventType "team-swiss"]
[EventRounds "9"]
[EventCountry "TUR"]
[SourceTitle "CBM 187 Extra"]
[Source "ChessBase"]
[SourceDate "2018.11.04"]
[SourceVersion "1"]
[SourceVersionDate "2018.11.04"]
[SourceQuality "1"]
[WhiteTeam "Slovenia"]
[BlackTeam "Canada"]
[WhiteTeamCountry "SLO"]
[BlackTeamCountry "CAN"]

1. e4 e6 2. d4 d5 3. Nc3 Bb4 4. e5 c5 5. a3 Bxc3+ 6. bxc3 Qa5 7. Bd2 Qa4 8. Qg4 Kf8 9. c4 Nc6 10. dxc5 Nxe5 11. Qf4 Nc6 12. cxd5 Qxf4 13. Bxf4 exd5 14. Bd6+ Ke8 15. Bb5 Nf6 16. f3 Kd8 17. 0-0-0 Be6 18. Ne2 Ne7 19. g4 Bd7 20. Bxd7 Kxd7 21. Nf4 Rad8 22. c4 dxc4 23. g5 Ke8 24. Bxe7 Kxe7 25. Rhe1+ 1-0

[Event "Continental op 48th"]
[Site "Sturbridge"]
[Date "2018.08.16"]
[Round "2"]
[White "Fiedler, Brian"]
[Black "Cui, Cynthia"]
[Result "1/2-1/2"]
[WhiteElo "1978"]
[BlackElo "1798"]
[PlyCount "50"]
[EventDate "2018.08.16"]
[EventType "swiss"]
[EventRounds "9"]
[EventCountry "USA"]
[SourceTitle "CBM 186 Extra"]
[Source "ChessBase"]
[SourceDate "2018.08.24"]
[SourceVersion "1"]
[SourceVersionDate "2018.08.24"]
[SourceQuality "1"]

1. g3 e6 2. Bg2 Nf6 3. d3 d5 4. Nf3 c5 5. 0-0 Be7 6. Nbd2 0-0 7. e4 Nc6 8. e5 Nd7 9. Re1 Qc7 10. Qe2 b6 11. Nf1 Ba6 12. a3 c4 13. d4 b5 14. c3 Bb7 15. Bf4 a5 16. h4 b4 17. N1h2 Na7 18. Ng5 h6 19. Qh5 hxg5 20. hxg5 Rfb8 21. Ng4 Qd8 22. g6 fxg6 23. Qxg6 Nf8 24. Nh6+ Kh8 25. Nf7+ Kg8 1/2-1/2

[Event "Canadian op"]
[Site "Quebec"]
[Date "2018.07.12"]
[Round "7"]
[White "Cui, Cynthia"]
[Black "Kaufman, Raymond"]
[Result "0-1"]
[WhiteElo "1692"]
[BlackElo "2201"]
[PlyCount "48"]
[EventDate "2018.07.07"]
[EventType "swiss"]
[EventRounds "9"]
[EventCountry "CAN"]
[SourceTitle "CBM 185 Extra"]
[Source "ChessBase"]
[SourceDate "2018.07.29"]
[SourceVersion "1"]
[SourceVersionDate "2018.07.29"]
[SourceQuality "1"]

1. c4 c5 2. g3 Nf6 3. Bg2 d5 4. cxd5 Nxd5 5. Nc3 Nc7 6. Nf3 Nc6 7. 0-0 e5 8. d3 Be7 9. Ne1 0-0 10. Nc2 Be6 11. Ne3 Qd7 12. Nc4 f6 13. a3 Rad8 14. Rb1 b6 15. Re1 Nd4 16. Nd2 Kh8 17. b4 cxb4 18. axb4 Ncb5 19. Nxb5 Qxb5 20. Ba3 Rc8 21. Rb2 Qa6 22. Nb1 Nb5 23. Rb3 Rc7 24. Bc1 Rxc1 0-1

[Event "Canadian op"]
[Site "Quebec"]
[Date "2018.07.08"]
[Round "3"]
[White "Cui, Cynthia"]
[Black "Callier, Christophe"]
[Result "1/2-1/2"]
[WhiteElo "1692"]
[BlackElo "1970"]
[PlyCount "107"]
[EventDate "2018.07.07"]
[EventType "swiss"]
[EventRounds "9"]
[EventCountry "CAN"]
[SourceTitle "EXT 2019"]
[Source "ChessBase"]
[SourceDate "2018.10.10"]
[SourceVersion "1"]
[SourceVersionDate "2018.10.10"]
[SourceQuality "1"]

1. c4 Nf6 2. Nc3 g6 3. g3 Bg7 4. Bg2 d6 5. Nf3 c5 6. d4 cxd4 7. Nxd4 Qb6 8. 0-0 Nc6 9. Nxc6 bxc6 10. Qc2 Bd7 11. e4 Rb8 12. b3 h5 13. h4 Ng4 14. Bb2 0-0 15. Na4 Qb4 16. Bxg7 Kxg7 17. c5 dxc5 18. Qxc5 Qxc5 19. Nxc5 Bc8 20. Rfc1 Rd8 21. Rd1 Rd6 22. Rac1 Rb5 23. Rxd6 exd6 24. Na4 Bb7 25. Rd1 d5 26. exd5 cxd5 27. Nc3 Rc5 28. Nxd5 Bxd5 29. Rxd5 Rc2 30. Ra5 Rxf2 31. Rxa7 Rd2 32. Bc6 Kf6 33. b4 Ne5 34. Be4 Rd4 35. Ra6+ Kg7 36. Bc2 Rxb4 37. Bb3 Rd4 38. Ra5 Kf6 39. Rd5 Re4 40. Rd6+ Ke7 41. Rd1 Re3 42. Kg2 Ng4 43. Rd2 f5 44. Bd1 Re6 45. Bxg4 fxg4 46. a4 Re3 47. Ra2 Kd7 48. a5 Kc7 49. a6 Kb8 50. a7+ Ka8 51. Kf2 Rf3+ 52. Kg2 Rf7 53. Ra6 Rxa7 54. Rxg6 1/2-1/2

[Event "CAN-ch U16U18 Girls"]
[Site "Quebec"]
[Date "2018.07.02"]
[Round "2.10"]
[White "Cui, Cynthia"]
[Black "Eirew, Pepi"]
[Result "1-0"]
[WhiteElo "1995"]
[BlackElo "1086"]
[PlyCount "127"]
[EventDate "2018.07.02"]
[EventType "swiss"]
[EventRounds "7"]
[EventCountry "CAN"]
[SourceTitle "EXT 2022"]
[Source "ChessBase"]
[SourceDate "2021.10.06"]
[SourceVersion "1"]
[SourceVersionDate "2021.10.06"]
[SourceQuality "1"]

1. c4 e6 2. Nc3 d5 3. d4 b6 4. cxd5 exd5 5. Qc2 Be6 6. Nf3 c5 7. Bf4 Bd6 8. Be3 Ne7 9. Rd1 Nbc6 10. Nb5 cxd4 11. Nfxd4 Nxd4 12. Nxd4 0-0 13. g3 Rc8 14. Qb3 Rc4 15. a3 Be5 16. Nf3 Qc7 17. Bd4 Bxd4 18. Nxd4 Qc5 19. Qd3 Rc1 20. Bg2 Qa5+ 21. Kf1 Rxd1+ 22. Qxd1 Qc5 23. h4 Rc8 24. Bf3 Qc1 25. Qxc1 Rxc1+ 26. Kg2 Rxh1 27. Kxh1 g6 28. e3 Nc8 29. Kg1 Nd6 30. b3 Kf8 31. Kf1 a6 32. Ke2 a5 33. Kd3 Ke8 34. Ne2 Nb5 35. a4 Bf5+ 36. Kd2 Nc7 37. Kc3 Kd7 38. Nd4 Be4 39. Bg4+ f5 40. Be2 Bg2 41. f3 Ne6 42. Kd2 Nxd4 43. exd4 h6 44. Ke3 g5 45. hxg5 hxg5 46. Kf2 Bh3 47. g4 Ke6 48. Kg3 fxg4 49. fxg4 Bxg4 50. Kxg4 Kf6 51. Bd3 Ke6 52. Kxg5 Kd6 53. Kf5 Kc6 54. Ke5 Kc7 55. Kxd5 Kb7 56. Bb5 Kc7 57. Ke6 Kb7 58. d5 Kc7 59. Ke7 Kb7 60. d6 Ka7 61. d7 Kb7 62. d8Q Ka7 63. Qc7+ Ka8 64. Bc6# 1-0

[Event "CAN-ch U16U18 Girls"]
[Site "Quebec"]
[Date "2018.07.02"]
[Round "1.10"]
[White "Yu, Cindy"]
[Black "Cui, Cynthia"]
[Result "0-1"]
[WhiteElo "1434"]
[BlackElo "1995"]
[PlyCount "106"]
[EventDate "2018.07.02"]
[EventType "swiss"]
[EventRounds "7"]
[EventCountry "CAN"]
[SourceTitle "EXT 2022"]
[Source "ChessBase"]
[SourceDate "2021.10.06"]
[SourceVersion "1"]
[SourceVersionDate "2021.10.06"]
[SourceQuality "1"]

1. e4 e6 2. d4 d5 3. e5 c5 4. c3 Nc6 5. Nf3 Qb6 6. a3 c4 7. Nbd2 Na5 8. Be2 Bd7 9. 0-0 Ne7 10. Rb1 Qc7 11. Qc2 Nc8 12. b3 cxb3 13. Nxb3 Ba4 14. Nfd2 Nxb3 15. Nxb3 Nb6 16. Qb2 Rc8 17. Bd2 Be7 18. Kh1 0-0 19. f4 Bd7 20. Na5 Rfd8 21. c4 dxc4 22. Rfc1 Na4 23. Qxb7 c3 24. Qxc7 Rxc7 25. Be1 Bxa3 26. Rc2 Bb2 27. Bd3 Rcc8 28. Nb7 Rb8 29. Nd6 Rb3 30. Bc4 Ra3 31. Bb5 Rb3 32. Bc4 Rb6 33. Bd3 Rb4 34. Ne4 Rxd4 35. Nf2 Rc8 36. g3 Bc6+ 37. Kg1 Bd5 38. Re2 Ba2 39. Rd1 Rb4 40. Ne4 Bb3 41. Rb1 Rd4 42. Bxc3 Bxc3 43. Rxb3 Rxd3 44. Nxc3 Rdxc3 45. Rb7 R3c7 46. Rb4 Nb6 47. Rd2 Rc1+ 48. Kg2 R1c2 49. Rbd4 Rxd2+ 50. Rxd2 Ra8 51. Ra2 a5 52. Kf2 a4 53. Ke2 Nd5 0-1

[Event "Montreal zt (Women)"]
[Site "Montreal"]
[Date "2017.12.29"]
[Round "5"]
[White "Cui, Cynthia"]
[Black "Tian, Shi Yuan"]
[Result "1/2-1/2"]
[WhiteElo "1604"]
[BlackElo "1661"]
[PlyCount "121"]
[EventDate "2017.12.26"]
[EventType "tourn"]
[EventRounds "9"]
[EventCountry "CAN"]
[SourceTitle "CBM 182 Extra"]
[Source "ChessBase"]
[SourceDate "2018.02.23"]
[SourceVersion "1"]
[SourceVersionDate "2018.02.23"]
[SourceQuality "1"]

1. c4 Nf6 2. Nc3 e6 3. d4 d5 4. Bg5 Be7 5. cxd5 exd5 6. e3 0-0 7. Qc2 c6 8. Bd3 h6 9. Bh4 Nbd7 10. Nf3 Re8 11. 0-0 Nf8 12. h3 Nh5 13. Bxe7 Qxe7 14. Rab1 Be6 15. b4 a6 16. a4 Nd7 17. b5 cxb5 18. axb5 a5 19. b6 Rec8 20. Rb5 Nhf6 21. Qb2 Qd6 22. Ra1 g6 23. Rbxa5 Rxa5 24. Rxa5 Nxb6 25. Rb5 Nfd7 26. Nd2 Qc6 27. Ne2 Ra8 28. Nc3 Qd6 29. Be2 Qc6 30. Bf3 Rc8 31. Ne2 Bf5 32. Nf4 Be6 33. Qb4 Ra8 34. Nd3 Ra4 35. Qb2 Nc4 36. Nxc4 Qxc4 37. Nf4 Ra2 38. Qb1 Rc2 39. Qb3 Nf6 40. Qxc4 dxc4 41. Nxe6 fxe6 42. Rxb7 Rc1+ 43. Kh2 c3 44. Bg4 Nxg4+ 45. hxg4 Rf1 46. Rc7 Rxf2 47. Rxc3 Rd2 48. Kg3 Kf7 49. Rc7+ Kf6 50. Kf3 Kg5 51. Re7 Kf6 52. Rh7 Kg5 53. Re7 Kf6 54. Re8 Kf7 55. Rh8 Kg7 56. Rd8 Kf6 57. Rh8 Kg7 58. Re8 Kf7 59. Rd8 Kf6 60. g3 Rd1 61. Rh8 1/2-1/2

[Event "Wch U20 Girls 35th"]
[Site "Tarvisio"]
[Date "2017.11.21"]
[Round "8"]
[White "Cui, Cynthia"]
[Black "Figueroa Bernal, Julia Dennis Paloma"]
[Result "1/2-1/2"]
[WhiteElo "1553"]
[BlackElo "1690"]
[PlyCount "75"]
[EventDate "2017.11.13"]
[EventType "swiss"]
[EventRounds "11"]
[EventCountry "ITA"]
[SourceTitle "CBM 181 Extra"]
[Source "ChessBase"]
[SourceDate "2017.12.12"]
[SourceVersion "1"]
[SourceVersionDate "2017.12.12"]
[SourceQuality "1"]

1. c4 e5 2. g3 Nf6 3. Bg2 Nc6 4. Nc3 Bc5 5. Nf3 0-0 6. 0-0 a6 7. d3 h6 8. a3 d6 9. b4 Ba7 10. b5 axb5 11. Nxb5 Bb6 12. Bb2 Ne7 13. Qb3 Bg4 14. Nc3 Nf5 15. e3 c6 16. h3 Bxf3 17. Bxf3 Nd7 18. Ne4 Nc5 19. Nxc5 Bxc5 20. Bc3 Rb8 21. Bb4 Ba7 22. Rfd1 Qg5 23. Bg2 Qf6 24. Re1 Rfd8 25. Ba5 Rdc8 26. Bb6 Bxb6 27. Qxb6 Qd8 28. Reb1 Ne7 29. Rb3 Qxb6 30. Rxb6 d5 31. cxd5 Nxd5 32. Rb3 Kf8 33. Rab1 Rc7 34. Bxd5 cxd5 35. Rb5 Rc3 36. Rxd5 Rxa3 37. Rdb5 Rxd3 38. Rxb7 1/2-1/2

[Event "Wch U20 Girls 35th"]
[Site "Tarvisio"]
[Date "2017.11.15"]
[Round "3"]
[White "Shepherd, Katherine M"]
[Black "Cui, Cynthia"]
[Result "1-0"]
[WhiteElo "1918"]
[BlackElo "1553"]
[PlyCount "137"]
[EventDate "2017.11.13"]
[EventType "swiss"]
[EventRounds "11"]
[EventCountry "ITA"]
[SourceTitle "CBM 181 Extra"]
[Source "ChessBase"]
[SourceDate "2017.12.12"]
[SourceVersion "1"]
[SourceVersionDate "2017.12.12"]
[SourceQuality "1"]

1. d4 Nf6 2. Nf3 g6 3. Nc3 d5 4. Bf4 Bg7 5. e3 e6 6. h4 0-0 7. Be2 Nbd7 8. Ne5 c5 9. h5 cxd4 10. exd4 Ne4 11. Nxe4 dxe4 12. Nxd7 Bxd7 13. c3 Qa5 14. Qd2 Qf5 15. g4 Qd5 16. Qe3 Bb5 17. Bxb5 Qxb5 18. 0-0-0 Qd5 19. Kb1 a5 20. hxg6 fxg6 21. Rhe1 e5 22. dxe5 Qe6 23. Qxe4 Qxg4 24. Bg3 Qxe4+ 25. Rxe4 Rfe8 26. Rd7 b6 27. e6 Bf6 28. Bc7 b5 29. Kc2 Ra6 30. Rd6 Raa8 31. Bb6 Ra6 32. Bc5 Raa8 33. Bd4 Be7 34. Rd7 Ra6 35. Rb7 b4 36. c4 Rc6 37. b3 Ra6 38. Rb6 Raa8 39. c5 a4 40. Rxb4 axb3+ 41. axb3 Rac8 42. Rc4 Rc6 43. b4 Rb8 44. Kb3 h5 45. Rc1 h4 46. Kc4 Rcc8 47. b5 Kf8 48. Rb1 Bd8 49. Be5 Rb7 50. Bd6+ Ke8 51. Rf4 Be7 52. Rf7 Bxd6 53. Rxb7 Rxc5+ 54. Kd4 Re5 55. Rc1 Kd8 56. Ra1 Kc8 57. Rg7 Kb8 58. Rxg6 Rxb5 59. Re1 Be7 60. f4 Kc7 61. Ke4 Rh5 62. Rc1+ Kd6 63. Rd1+ Kc6 64. f5 h3 65. f6 Bd6 66. e7 Kd7 67. Rxd6+ Kxd6 68. e8Q h2 69. f7+ 1-0

[Event "Wch U20 Girls 35th"]
[Site "Tarvisio"]
[Date "2017.11.14"]
[Round "2"]
[White "Cui, Cynthia"]
[Black "Louka, Magdalini"]
[Result "1/2-1/2"]
[WhiteElo "1553"]
[BlackElo "1955"]
[PlyCount "63"]
[EventDate "2017.11.13"]
[EventType "swiss"]
[EventRounds "11"]
[EventCountry "ITA"]
[SourceTitle "CBM 181 Extra"]
[Source "ChessBase"]
[SourceDate "2017.12.12"]
[SourceVersion "1"]
[SourceVersionDate "2017.12.12"]
[SourceQuality "1"]

1. c4 b6 2. Nf3 Bb7 3. g3 e6 4. Bg2 Nf6 5. 0-0 Be7 6. Nc3 0-0 7. d4 d5 8. cxd5 exd5 9. Ne5 Nbd7 10. Qb3 c6 11. Nd3 Re8 12. Bd2 Bf8 13. Rac1 Ne4 14. Be3 Nd6 15. Bd2 Nf5 16. e3 Nd6 17. Ne2 Nc4 18. Rfd1 Nf6 19. Bb4 Bxb4 20. Qxb4 a5 21. Qc3 Ne4 22. Qc2 Qe7 23. b3 Ncd6 24. Ne5 Rac8 25. Nc3 f6 26. Nf3 Ba6 27. Na4 Qc7 28. Ne1 Bb5 29. Nc3 Nxc3 30. Qxc3 Ne4 31. Qc2 Qe7 32. Nd3 1/2-1/2

[Event "CAN-ch U20"]
[Site "Mississauga"]
[Date "2017.08.10"]
[Round "2"]
[White "Cui, Cynthia"]
[Black "Kang, Dorian"]
[Result "0-1"]
[WhiteElo "1572"]
[BlackElo "1716"]
[PlyCount "62"]
[EventDate "2017.08.09"]
[EventType "swiss"]
[EventRounds "9"]
[EventCountry "CAN"]
[SourceTitle "CBM 180 Extra"]
[Source "ChessBase"]
[SourceDate "2017.10.06"]
[SourceVersion "1"]
[SourceVersionDate "2017.10.06"]
[SourceQuality "1"]

1. c4 e5 2. Nc3 Nc6 3. g3 f5 4. Bg2 Nf6 5. d3 Bb4 6. Nf3 Bxc3+ 7. bxc3 0-0 8. 0-0 d6 9. e3 e4 10. Nd4 Ne5 11. dxe4 Nxe4 12. Qb3 Nc5 13. Qc2 c6 14. Qe2 Ne4 15. Bb2 Re8 16. Rfd1 Qf6 17. Nb3 a5 18. Nd2 Qg6 19. Nxe4 fxe4 20. Rd4 Bg4 21. Qd2 Nf7 22. Qc2 Ng5 23. Qd2 Rad8 24. Ba3 Nf3+ 25. Bxf3 Bxf3 26. Bxd6 Qg4 27. Qe1 c5 28. Bxc5 Rxd4 29. cxd4 Re6 30. h4 Qh3 31. Qf1 Qh1# 0-1

[Event "CAN-ch U20"]
[Site "Mississauga"]
[Date "2017.08.10"]
[Round "3"]
[White "Surya, Benito"]
[Black "Cui, Cynthia"]
[Result "1/2-1/2"]
[WhiteElo "1830"]
[BlackElo "1572"]
[PlyCount "85"]
[EventDate "2017.08.09"]
[EventType "swiss"]
[EventRounds "9"]
[EventCountry "CAN"]
[SourceTitle "CBM 180 Extra"]
[Source "ChessBase"]
[SourceDate "2017.10.06"]
[SourceVersion "1"]
[SourceVersionDate "2017.10.06"]
[SourceQuality "1"]

1. e4 c6 2. d4 d5 3. exd5 cxd5 4. Bd3 Nf6 5. c3 Nc6 6. Bf4 e6 7. Nf3 Bd6 8. Bg3 Qc7 9. 0-0 Bxg3 10. hxg3 0-0 11. Nbd2 a6 12. Qc2 h6 13. Rae1 Re8 14. Ne5 Nxe5 15. dxe5 Nd7 16. f4 Nc5 17. Nf3 Nxd3 18. Qxd3 Qb6+ 19. Nd4 Qxb2 20. Re2 Qb6 21. g4 Bd7 22. Rb1 Qc7 23. Qh3 Bb5 24. Re3 Qe7 25. Nxb5 axb5 26. Rxb5 Rxa2 27. Rb1 Ra4 28. f5 exf5 29. gxf5 Re4 30. Rxe4 dxe4 31. e6 fxe6 32. fxe6 Qxe6 33. Qxe6+ Rxe6 34. Rxb7 Rc6 35. Rb3 e3 36. Kf1 Rg6 37. Rb2 Rc6 38. Rc2 Kf7 39. Ke2 Re6 40. Kd3 Ke7 41. Re2 Kd6 42. Rxe3 Rg6 43. Re2 1/2-1/2

[Event "Montreal op U2000"]
[Site "Montreal"]
[Date "2016.09.11"]
[Round "4.30"]
[White "Xu, Daniel"]
[Black "Cui, Cynthia"]
[Result "0-1"]
[WhiteElo "1607"]
[BlackElo "1700"]
[PlyCount "104"]
[EventDate "2016.09.09"]
[EventType "swiss"]
[EventRounds "5"]
[EventCountry "CAN"]
[SourceTitle "EXT 2022"]
[Source "ChessBase"]
[SourceDate "2021.10.06"]
[SourceVersion "1"]
[SourceVersionDate "2021.10.06"]
[SourceQuality "1"]

1. d4 d5 2. c4 e6 3. Nc3 Nf6 4. Bg5 Be7 5. e3 0-0 6. Nf3 h6 7. Bh4 b6 8. Bd3 Bb7 9. 0-0 c5 10. Bg3 Nc6 11. cxd5 Nxd5 12. Nxd5 Qxd5 13. dxc5 Bxc5 14. a3 Be7 15. Qe2 Qd7 16. Rfd1 Qe8 17. Rac1 Rd8 18. Bb5 Rxd1+ 19. Rxd1 Qa8 20. Rd7 Bf6 21. h3 a6 22. Ba4 b5 23. Bd1 Rd8 24. Rxd8+ Qxd8 25. b4 Ne7 26. Qc2 Nf5 27. Bh2 Nd6 28. Bxd6 Qxd6 29. Ne1 Qc6 30. Qxc6 Bxc6 31. f3 Bd5 32. a4 Bc3 33. Nd3 Bc4 34. Nc5 Bxb4 35. Ne4 f5 36. Ng3 Bc5 37. Kf2 f4 38. Nf1 Bxf1 39. Kxf1 fxe3 40. axb5 axb5 41. Ke2 Kf8 42. Kd3 Ke7 43. g4 g5 44. Be2 Kd6 45. Kc3 Kc6 46. Bd3 Kb6 47. Kb3 Bd6 48. Be2 Kc5 49. Kc3 b4+ 50. Kb3 Kd4 51. Bc4 Ke5 52. Be2 Kf4 0-1

[Event "Windsor NAYCC U16-U18 Girls"]
[Site "Windsor"]
[Date "2016.08.08"]
[Round "3.28"]
[White "Cui, Cynthia"]
[Black "Bhanji, Zaynah"]
[Result "1-0"]
[WhiteElo "1508"]
[BlackElo "1489"]
[PlyCount "131"]
[EventDate "2016.08.07"]
[EventType "swiss"]
[EventRounds "9"]
[EventCountry "CAN"]
[SourceTitle "EXT 2022"]
[Source "ChessBase"]
[SourceDate "2021.10.06"]
[SourceVersion "1"]
[SourceVersionDate "2021.10.06"]
[SourceQuality "1"]

1. c4 c5 2. g3 g6 3. Bg2 Bg7 4. Nf3 Nf6 5. Nc3 Nc6 6. 0-0 d6 7. a3 0-0 8. Rb1 a5 9. d3 Bd7 10. Re1 Qc8 11. Na4 Qc7 12. Qb3 Rab8 13. Nb6 Be6 14. Bd2 Nd7 15. Nd5 Qd8 16. Nf4 Bg4 17. h3 Bxf3 18. Bxf3 Nf6 19. Bg2 Qd7 20. e3 Ra8 21. Qb5 Rfb8 22. Bc3 Nd8 23. Qxd7 Nxd7 24. Bxg7 Kxg7 25. b4 axb4 26. axb4 Nc6 27. bxc5 Nxc5 28. d4 Nd7 29. Rb2 Ra7 30. Reb1 Nd8 31. Nd5 Kf8 32. Nb4 Rba8 33. Nd3 Rb8 34. c5 dxc5 35. Nxc5 b6 36. Nxd7+ Rxd7 37. Rxb6 Rc8 38. Rb8 Rdc7 39. Bf3 Kg7 40. Rxc8 Rxc8 41. Ra1 Rc7 42. Kg2 Nc6 43. Rc1 Ra7 44. Rxc6 Rd7 45. d5 Kg8 46. e4 Kg7 47. e5 Kg8 48. d6 exd6 49. exd6 Kf8 50. Bg4 Rd8 51. Rc8 Rxc8 52. Bxc8 Ke8 53. d7+ Kd8 54. Kf3 h6 55. h4 Ke7 56. Ke4 f6 57. g4 Kd8 58. f4 Ke7 59. g5 hxg5 60. hxg5 fxg5 61. fxg5 Kd8 62. Ke5 Ke7 63. Kd5 Kd8 64. Ke6 Kc7 65. Ke7 Kc6 66. d8Q 1-0

[Event "Canadian op U2000"]
[Site "Windsor"]
[Date "2016.07.17"]
[Round "9.36"]
[White "Cui, Cynthia"]
[Black "Clarke, Brian"]
[Result "1/2-1/2"]
[WhiteElo "1700"]
[BlackElo "1695"]
[PlyCount "81"]
[EventDate "2016.07.10"]
[EventType "swiss"]
[EventRounds "9"]
[EventCountry "CAN"]
[SourceTitle "EXT 2022"]
[Source "ChessBase"]
[SourceDate "2021.10.06"]
[SourceVersion "1"]
[SourceVersionDate "2021.10.06"]
[SourceQuality "1"]

1. c4 Nf6 2. g3 d6 3. Bg2 e5 4. Nc3 Be7 5. Nf3 0-0 6. 0-0 c6 7. d3 Bg4 8. b4 Nbd7 9. a3 Qc8 10. Qb3 Nb6 11. a4 Bh3 12. b5 Bxg2 13. Kxg2 Nbd7 14. d4 exd4 15. Nxd4 Nc5 16. Qc2 Qg4 17. Nf5 Rfe8 18. Bf4 Bf8 19. Rfd1 Nce4 20. Nxd6 Nxd6 21. Bxd6 Qxc4 22. Qb2 cxb5 23. axb5 Bxd6 24. Rxd6 Ne4 25. Nxe4 Qxe4+ 26. Kg1 Qxe2 27. Qxe2 Rxe2 28. Rd7 Kf8 29. Rxb7 Re7 30. Rxe7 Kxe7 31. Ra6 Kd8 32. b6 Kc8 33. Rxa7 Rxa7 34. bxa7 Kb7 35. Kg2 Kxa7 36. Kf3 Kb6 37. Kf4 Kc6 38. Kf5 Kd6 39. h4 Ke7 40. h5 f6 41. g4 1/2-1/2